[Event "HUN-ch U20"]
[Site "Szolnok"]
[Date "2024.04.05"]
[Round "8"]
[White "Szegedy, Matyas"]
[Black "Apro, Barnabas"]
[Result "1-0"]
[WhiteElo "2177"]
[BlackElo "2026"]
[PlyCount "84"]
[EventDate "2024.03.31"]
[EventType "swiss"]
[EventRounds "9"]
[EventCountry "HUN"]
[SourceTitle "CB16_2024"]
[SourceDate "2024.04.17"]
[SourceVersion "1"]
[SourceVersionDate "2024.04.17"]
[SourceQuality "1"]

1. e4 c5 2. Nf3 d6 3. Bb5+ Bd7 4. Bxd7+ Qxd7 5. 0-0 Nc6 6. c4 Nf6 7. Nc3 g6 8. d3 Bg7 9. Ne1 a6 10. Nc2 0-0 11. a4 Qd8 12. f4 Nd7 13. Kh1 Nd4 14. Ne3 f5 15. Bd2 e6 16. g4 b5 17. cxb5 axb5 18. Nxb5 Nxb5 19. axb5 Rxa1 20. Qxa1 Qa8 21. Qxa8 Rxa8 22. gxf5 exf5 23. exf5 Rb8 24. fxg6 hxg6 25. Bc3 Rxb5 26. Kg2 Nb6 27. Ra1 Bd4 28. Kf3 Bxe3 29. Kxe3 d5 30. d4 Nc4+ 31. Kd3 cxd4 32. Kxd4 Kf7 33. b4 Kf6 34. Ra8 Kf5 35. Rf8+ Kg4 36. Rf6 g5 37. fxg5 Kxg5 38. Rc6 Na3 39. Rc5 Nc2+ 40. Ke5 Rb8 41. Bd2+ Kg6 42. Rxc2 Ra8 1-0

[Event "HUN-ch U20"]
[Site "Szolnok"]
[Date "2024.04.04"]
[Round "6"]
[White "Apro, Barnabas"]
[Black "Csernyik, Mark"]
[Result "0-1"]
[WhiteElo "2026"]
[BlackElo "2016"]
[PlyCount "106"]
[EventDate "2024.03.31"]
[EventType "swiss"]
[EventRounds "9"]
[EventCountry "HUN"]
[SourceTitle "CB16_2024"]
[SourceDate "2024.04.17"]
[SourceVersion "1"]
[SourceVersionDate "2024.04.17"]
[SourceQuality "1"]

1. e4 Nf6 2. e5 Nd5 3. d4 d6 4. Nf3 dxe5 5. Nxe5 c6 6. c3 Bf5 7. Qf3 Bg6 8. Bd3 Nf6 9. Nxg6 hxg6 10. Nd2 e6 11. Nc4 Qd5 12. Qxd5 Nxd5 13. Bd2 c5 14. dxc5 Bxc5 15. b4 Be7 16. Ne3 Nxe3 17. Bxe3 Bf6 18. Rc1 Nc6 19. a3 0-0 20. 0-0 Rfd8 21. Be4 Rd7 22. b5 Na5 23. Rfd1 Rc7 24. Bxa7 Rc4 25. Bd3 Rxa7 26. b6 Ra8 27. Bxc4 Nxc4 28. Rd7 Nxb6 29. Rxb7 Nc4 30. Rb4 Nxa3 31. g3 Rc8 32. c4 Be7 33. Ra4 Bc5 34. Ra1 Nxc4 35. Ra8 Rxa8 36. Rxa8+ Bf8 37. Kg2 Nb6 38. Rb8 Nd5 39. Ra8 g5 40. Re8 g6 41. Ra8 Kg7 42. Ra7 Bc5 43. Rb7 g4 44. Rb5 Bd4 45. Ra5 Nf6 46. Ra4 e5 47. Ra5 Ne4 48. f4 gxf3+ 49. Kxf3 Nc3 50. Ra3 f5 51. g4 e4+ 52. Kf4 Ne2+ 53. Kg5 Bf6# 0-1

[Event "Fuerstenfeld U18 op 6th"]
[Site "Fuerstenfeld"]
[Date "2023.07.21"]
[Round "3"]
[White "Pergel, Bence"]
[Black "Apro, Barnabas"]
[Result "1/2-1/2"]
[WhiteElo "1288"]
[BlackElo "1958"]
[PlyCount "95"]
[EventDate "2023.07.20"]
[EventType "swiss"]
[EventRounds "7"]
[EventCountry "AUT"]
[SourceTitle "CBM 215 Extra"]
[Source "ChessBase"]
[SourceDate "2023.09.30"]
[SourceVersion "1"]
[SourceVersionDate "2023.09.30"]
[SourceQuality "1"]

1. Nf3 d5 2. d4 Nf6 3. c4 e6 4. Nc3 Bb4 5. Ne5 0-0 6. Bg5 c5 7. e3 Qa5 8. Bd3 Bxc3+ 9. bxc3 Qxc3+ 10. Kf1 Ne4 11. Bxe4 dxe4 12. Rc1 Qa5 13. Be7 Re8 14. Bxc5 Nd7 15. Nxd7 Bxd7 16. Qb3 Bc6 17. Qa3 Qxa3 18. Bxa3 Red8 19. Ke2 b5 20. cxb5 Bxb5+ 21. Kd2 Rdc8 22. Rxc8+ Rxc8 23. Rc1 Rxc1 24. Bxc1 Kf8 25. Kc3 Ke7 26. Kb4 Bf1 27. g3 Kf6 28. Kc5 Kg5 29. d5 exd5 30. Kxd5 Bd3 31. h3 h5 32. Bb2 g6 33. Ke5 h4 34. Ba3 hxg3 35. fxg3 f6+ 36. Ke6 Bc4+ 37. Ke7 Bxa2 38. Bb2 f5 39. Kd6 Bc4 40. Be5 Bf1 41. Bf4+ Kh5 42. h4 Kg4 43. Kc5 Kf3 44. Kb4 Bd3 45. Ka5 a6 46. Kb6 Ke2 47. Ka5 Kd2 48. Bg5 1/2-1/2

[Event "HUN-ch U16/18"]
[Site "Buek"]
[Date "2023.06.24"]
[Round "7"]
[White "Apro, Barnabas"]
[Black "Kolimar, Kristof Pal"]
[Result "1/2-1/2"]
[WhiteElo "1994"]
[BlackElo "2310"]
[PlyCount "128"]
[EventDate "2023.06.17"]
[EventType "swiss"]
[EventRounds "9"]
[EventCountry "HUN"]
[SourceTitle "CBM 215 Extra"]
[Source "ChessBase"]
[SourceDate "2023.09.30"]
[SourceVersion "1"]
[SourceVersionDate "2023.09.30"]
[SourceQuality "1"]

1. c4 Nf6 2. Nc3 g6 3. g3 Bg7 4. Bg2 0-0 5. Nf3 d6 6. 0-0 e5 7. d3 Nc6 8. Rb1 a5 9. a3 Bf5 10. Nh4 Be6 11. Nf3 h6 12. Nd2 Qd7 13. Nde4 Nxe4 14. Nxe4 f5 15. Nc3 f4 16. Bd5 Bxd5 17. cxd5 Nd4 18. Kh1 Qh3 19. Rg1 Qf5 20. g4 Qd7 21. f3 c6 22. Bd2 Qf7 23. g5 cxd5 24. gxh6 Bxh6 25. Rg4 Kh7 26. Qa4 b5 27. Nxb5 Qd7 28. Nc3 Qxa4 29. Nxa4 Nb3 30. Be1 d4 31. Nb6 Ra7 32. Nc4 Ra6 33. Nd2 Rb8 34. Nxb3 Rxb3 35. Rg1 Bf8 36. Bd2 Rab6 37. Bxa5 Rb8 38. Bb4 d5 39. Bxf8 Rxf8 40. Rgc1 Re8 41. Rc7+ Kh6 42. Rd7 e4 43. fxe4 dxe4 44. Rxd4 exd3 45. Rxd3 Rb5 46. Rd2 Re3 47. Rc1 Reb3 48. Rcc2 Kh5 49. a4 Ra5 50. Rd4 g5 51. Kg2 Kg4 52. Rdc4 Ra8 53. R4c3 Rxc3 54. bxc3 Rxa4 55. c4 Ra6 56. c5 Rc6 57. h3+ Kf5 58. Rc4 Re6 59. Kf2 Rc6 60. Kf3 Rh6 61. Kg2 Re6 62. Kf1 Rc6 63. Kf2 Ke5 64. Kf3 Kf5 1/2-1/2

[Event "HUN-ch U16/18"]
[Site "Buek"]
[Date "2023.06.20"]
[Round "2"]
[White "Gathi, Donat"]
[Black "Apro, Barnabas"]
[Result "1/2-1/2"]
[WhiteElo "2005"]
[BlackElo "1994"]
[PlyCount "160"]
[EventDate "2023.06.17"]
[EventType "swiss"]
[EventRounds "9"]
[EventCountry "HUN"]
[SourceTitle "CBM 215 Extra"]
[Source "ChessBase"]
[SourceDate "2023.09.30"]
[SourceVersion "1"]
[SourceVersionDate "2023.09.30"]
[SourceQuality "1"]

1. e4 c5 2. Nf3 d6 3. d4 cxd4 4. Qxd4 Nf6 5. Bg5 Nc6 6. Bb5 Bd7 7. Bxc6 Bxc6 8. Nc3 e6 9. 0-0-0 Be7 10. Qd3 0-0 11. Nd4 d5 12. e5 Nd7 13. Bxe7 Qxe7 14. f4 f6 15. Qh3 Rfe8 16. exf6 Qxf6 17. Rhf1 Nb6 18. Kb1 Nc4 19. g4 Qe7 20. a3 Qd6 21. f5 exf5 22. Nxf5 Qd7 23. Qd3 Rad8 24. Rfe1 Ne5 25. Qd4 Nf3 26. Rxe8+ Rxe8 27. Qf4 Ne5 28. Qg5 Ng6 29. b3 Qd8 30. Qd2 Ne7 31. Ne3 Qd6 32. Kb2 Qf6 33. Qd4 Qxd4 34. Rxd4 Kf7 35. Ncxd5 Nxd5 36. Nxd5 Re2 37. Nb4 Be8 38. h3 h6 39. Kc3 a6 40. Kd3 Rh2 41. Rf4+ Kg8 42. Rf3 a5 43. Nd5 Bg6+ 44. Kc4 Rxc2+ 45. Kb5 Re2 46. Nf4 Re5+ 47. Kb6 Be4 48. Rc3 Bc6 49. Rc5 Re3 50. b4 axb4 51. axb4 Re4 52. Nd3 Rd4 53. Rc3 Be4 54. Rc8+ Kh7 55. Nf4 Rxb4+ 56. Kc5 Rb1 57. Kd4 Bc6 58. Ne6 Rd1+ 59. Ke5 Rd5+ 60. Kf4 g5+ 61. Kg3 Rd3+ 62. Kh2 Rd2+ 63. Kg1 Kg6 64. Nd8 Bd5 65. Rc7 b5 66. Nc6 Bxc6 67. Rxc6+ Kg7 68. Rb6 Rb2 69. Rb7+ Kg6 70. Rb6+ Kg7 71. Rb7+ Kf6 72. Rb6+ Ke5 73. Rxh6 Kf4 74. Rd6 Kg3 75. Rd3+ Kh4 76. Rc3 b4 77. Rd3 b3 78. Rc3 Rb1+ 79. Kg2 Rb2+ 80. Kg1 Rb1+ 1/2-1/2

[Event "Fuerstenfeld U18 op 5th"]
[Site "Fuerstenfeld"]
[Date "2022.07.22"]
[Round "2"]
[White "Schaudienst, Arvid"]
[Black "Apro, Barnabas"]
[Result "0-1"]
[WhiteElo "1431"]
[BlackElo "1830"]
[PlyCount "94"]
[EventDate "2022.07.21"]
[EventType "swiss"]
[EventRounds "7"]
[EventCountry "AUT"]
[SourceTitle "CBM 209 Extra"]
[Source "ChessBase"]
[SourceDate "2022.09.30"]
[SourceVersion "1"]
[SourceVersionDate "2022.09.30"]
[SourceQuality "1"]

1. e4 c5 2. Nc3 Nc6 3. f4 d6 4. Nf3 g6 5. Bc4 Bg7 6. 0-0 e6 7. d3 Nge7 8. Qe1 Nd4 9. Nxd4 cxd4 10. Ne2 0-0 11. f5 Nc6 12. Qg3 Na5 13. Bb3 Nxb3 14. axb3 e5 15. Bg5 f6 16. Bd2 gxf5 17. exf5 Kh8 18. Qh4 Rf7 19. Rf3 Bf8 20. Raf1 Bd7 21. Rh3 Be7 22. Qh5 Qe8 23. Rff3 Rg7 24. Qh4 Bc6 25. Bh6 Rg8 26. Rfg3 Qf7 27. Rg6 Bf8 28. Bxf8 Raxf8 29. Rxf6 Qg7 30. Rg6 Qf7 31. Qh6 Bxg2 32. Kxg2 Rxg6+ 33. Qxg6 Rg8 34. Rh6 Rxg6+ 35. fxg6 Qf6 36. Rxh7+ Kg8 37. Rh3 Qg5+ 38. Kf1 Qf5+ 39. Kg2 Qg4+ 40. Ng3 Qxg6 41. Rh5 Qg4 42. h4 Qd1 43. Rg5+ Kf7 44. Nf5 Qxc2+ 45. Kh3 Qxd3+ 46. Kg4 Qd1+ 47. Kg3 Qxb3+ 0-1